[Event "Open A"]
[Site "Banska Stiavnica SVK"]
[Date "2006.07.08"]
[Round "1"]
[White "Molnar,P SVK"]
[Black "Spik,P"]
[Result "1-0"]
[WhiteElo "2389"]
[BlackElo "2086"]

1.Nf3 d5 2.c4 e6 3.g3 Nf6 4.Bg2 Be7 5.O-O O-O 6.d4 c5 7.cxd5 exd5 8.Nc3 Be6
9.dxc5 Bxc5 10.Bg5 Nbd7 11.Nd4 h6 12.Bf4 a6 13.Nb3 Qe7 14.Nxd5 Nxd5 15.Bxd5 Rad8
16.Bxe6 Qxe6 17.Nxc5 Nxc5 18.Qc2 Ne4 19.Rad1 Nf6 20.a3 Qh3 21.e4 Rc8 22.Qe2 Rc5
23.f3 Rfc8 24.Rc1 Qe6 25.Rxc5 Rxc5 26.Rc1 Rb5 27.Be3 Qe5 28.b4 Nd7 29.Qd2 Qe7
30.Rc7 Qf6 31.Rxd7 Qxf3 32.Bf2 Qxa3 33.Qf4 Qb3 34.Bc5 Rxc5 35.bxc5 Qb1+ 36.Qf1 Qb3
37.Qd3 Qb4 38.Rd5 a5 39.e5 g6 40.Kg2 h5 41.e6 Qa4 42.exf7+ Kxf7 43.Rd7+ Kg8  1-0

[Event "Open A"]
[Site "Oberwart AUT"]
[Date "2006.07.08"]
[Round "1"]
[White "Dorjkhu,T"]
[Black "Erdos,V"]
[Result "0-1"]
[WhiteElo "2083"]
[BlackElo "2528"]

1.Nf3 d5 2.c4 c6 3.b3 Nf6 4.Bb2 Bg4 5.Ne5 Bh5 6.d3 e6 7.Nd2 Nbd7 8.Ndf3 Nxe5
9.Bxe5 Bxf3 10.exf3 Qa5+ 11.Ke2 dxc4 12.Bxf6 gxf6 13.f4 cxd3+ 14.Qxd3 Rd8
15.Qc2 Bb4 16.Rd1 Ke7 17.f3 Rxd1 18.Kxd1 Rd8+ 19.Bd3 Qf5 20.Ke2 Qxf4 21.g3 Qe5+
22.Kf2 Qd4+ 23.Ke2 Bc5 24.Kd2 Qe3+ 25.Kc3 Qe5+ 26.Kd2 Bb4+  0-1

[Event "FSGM July"]
[Site "Budapest HUN"]
[Date "2006.07.09"]
[Round "9"]
[White "Radziewicz,I"]
[Black "Le Quang,K"]
[Result "0-1"]
[WhiteElo "2425"]
[BlackElo "2315"]

1.Nf3 d5 2.c4 c6 3.e3 Nf6 4.Nc3 a6 5.d4 b5 6.b3 Bg4 7.Be2 e6 8.h3 Bxf3 9.Bxf3 Be7
10.a4 b4 11.Nb1 a5 12.Nd2 O-O 13.Bb2 Nbd7 14.Rc1 Rc8 15.c5 Qc7 16.Be2 e5
17.dxe5 Nxe5 18.f4 Ned7 19.Bd4 Rfe8 20.O-O Nf8 21.Qc2 Ne6 22.Be5 Qa7 23.f5 Ng5
24.Bd4 Nge4 25.Nxe4 Nxe4 26.Bd3 Bf6 27.Bxe4 Rxe4 28.Bxf6 gxf6 29.Qf2 Qe7
30.Qg3+ Kh8 31.Rf3 Rg8 32.Qd6 Rxe3 33.Kh1 Re1+ 34.Rxe1 Qxe1+ 35.Kh2 Qe5+
36.Kg1 Qxd6 37.cxd6 Rd8 38.Re3 Rxd6 39.Re8+ Kg7 40.Rc8 Kh6 41.Kf2 Kg5 42.g4 d4
43.Ke2 d3+ 44.Kd2 Kh4 45.Rc7 Kxh3 46.Ra7 Rd5 47.Rxf7 Kxg4 48.Rxf6 h5 49.Rh6 Rxf5
50.Rg6+ Rg5 51.Rxc6 h4 52.Kxd3 h3 53.Rh6 Kg3  0-1

[Event "ch-SWE"]
[Site "Gothenburg SWE"]
[Date "2006.07.09"]
[Round "8"]
[White "Karlsson,L"]
[Black "Ernst,T"]
[Result "1/2-1/2"]
[WhiteElo "2506"]
[BlackElo "2456"]

1.Nf3 d5 2.c4 d4 3.e3 Nc6 4.exd4 Nxd4 5.Nxd4 Qxd4 6.Nc3 e5 7.d3 Ne7 8.Be3 Qd8
9.g3 Nf5 10.Bg2 Be7 11.Qe2 O-O 12.O-O c6 13.Kh1 Re8 14.Rae1 Nxe3 15.fxe3 Be6
16.Rd1 Qd7 17.d4 exd4 18.exd4 Bb4 19.Qd3 Bxc3 20.bxc3 Bh3 21.Bxh3 Qxh3 22.d5 Qh5
23.Rde1 Re5 24.d6 Rae8 25.Rxe5 Qxe5 26.Qd4 f6 27.Qxe5 fxe5 28.c5 b6 29.cxb6 axb6
30.a4 Rd8 31.Rb1 Rxd6 32.Rxb6 Rd1+ 33.Kg2 Ra1 34.Rxc6 Rxa4 35.Kf3 Kf7 36.c4 Ra2
37.h4 Ra3+ 38.Kf2 h5 39.c5 Rc3 40.Kg2 e4 41.g4 hxg4 42.h5 Rc2+ 43.Kg3 e3
44.Ra6 e2 45.Ra1 Rxc5 46.Re1 Re5 47.Kxg4 Kg8 48.Kf4 Re8 49.Kg4 Kh7 50.Kg5 Re7
51.Kg4 Kh6 52.Kf5 Re8 53.Kg4 Re4+ 54.Kf3 Re7 55.Kg4 Re3 56.Kf4 Rh3 57.Kg4 Rh2
58.Kg3 Rxh5 59.Rxe2  1/2-1/2

[Event "5th Open"]
[Site "La Fere FRA"]
[Date "2006.07.09"]
[Round "2"]
[White "Gladyszev,O"]
[Black "Chetverik,M"]
[Result "1/2-1/2"]
[WhiteElo "2457"]
[BlackElo "2302"]

1.Nf3 d5 2.c4 d4 3.e3 Nc6 4.Nxd4 Nxd4 5.exd4 Qxd4 6.Nc3 Nf6 7.d3 e5 8.Be3 Qd8
9.Be2 Be7 10.O-O O-O 11.d4 exd4 12.Bxd4 c6 13.Be3 Qc7 14.h3 Bf5 15.Qa4 Qe5
16.Rfd1 Bd6 17.Bf3  1/2-1/2

[Event "25th Open"]
[Site "St Veit AUT"]
[Date "2006.07.09"]
[Round "2"]
[White "Giessmann,A"]
[Black "Horvath,P1"]
[Result "0-1"]
[WhiteElo "2137"]
[BlackElo "2465"]

1.Nf3 d5 2.c4 e6 3.b3 c5 4.e3 d4 5.d3 Nc6 6.g3 Nf6 7.Bg2 Be7 8.O-O e5 9.a3 a5
10.Qc2 O-O 11.Nbd2 Bg4 12.Re1 Qc7 13.exd4 cxd4 14.h3 Bf5 15.Ng5 Nd7 16.Nf1 Nc5
17.Ne4 Nxe4 18.dxe4 Be6 19.g4 Nb8 20.Bd2 b5 21.Rec1 Rc8 22.Ng3 a4 23.Qb2 bxc4
24.bxc4 Na6 25.Bf1 Rab8 26.Qc2 Nc5 27.Bb4 Nb3 28.Bxe7 Qxe7  0-1

[Event "Inautomarket Open"]
[Site "Minsk BLR"]
[Date "2006.07.12"]
[Round "3"]
[White "Kochetkov,G"]
[Black "Romanov,E"]
[Result "0-1"]
[WhiteElo "2390"]
[BlackElo "2481"]

1.Nf3 d5 2.c4 d4 3.e3 Nc6 4.exd4 Nxd4 5.Nc3 e5 6.Be2 Bd6 7.O-O Nf6 8.b4 c6
9.c5 Bc7 10.d3 h6 11.Bb2 O-O 12.Re1 Nxe2+ 13.Rxe2 Bg4 14.Re3 Nd5 15.Nxd5 Qxd5
16.h3 Bxf3 17.Qxf3 Qxf3 18.gxf3 f6 19.a4 Rad8 20.Kf1 Rd5 21.Ke2 Kf7 22.Rc1 Rfd8
23.Rc3 R8d7 24.Re4 Bd8 25.f4 exf4 26.Rxf4 Bc7 27.Rf3 a5 28.Rc4 axb4 29.Rxb4 Be5
30.Ba3 Bd4 31.Rc4 g5 32.Bb4 f5 33.a5 Ke6 34.Rg3 Re5+ 35.Kf1 f4 36.Rg1 Kd5
37.Rc2 f3 38.Rg4 h5 39.Rg3 Rf7 40.Rc4 Rff5 41.Rc2 Re7 42.Rc4 Re2 43.Rxf3 Rxf2+
44.Rxf2 Rxf2+ 45.Ke1 Rf3 46.Kd2 g4 47.hxg4 hxg4 48.Ke2 Rf2+ 49.Ke1 g3 50.Bc3 Bxc3+
51.Rxc3 Rf7 52.Rc2 Rh7  0-1

[Event "Inautomarket Open"]
[Site "Minsk BLR"]
[Date "2006.07.15"]
[Round "6"]
[White "Miroshnichenko,E"]
[Black "Vysochin,S"]
[Result "1/2-1/2"]
[WhiteElo "2616"]
[BlackElo "2555"]

1.Nf3 d5 2.c4 c6 3.d4 Nf6 4.Qc2 g6 5.Bf4 Bg7 6.e3 O-O 7.Nbd2 Bg4 8.Ne5 Bf5
9.Qb3 Qb6 10.Be2 Nbd7 11.Nxd7 Nxd7 12.g4 Be6 13.c5 Qxb3 14.axb3 a6 15.b4 f6
16.Nb3 Bf7 17.Bg3 e5 18.Kd2 Rfe8 19.Bd3 Nf8 20.Kc3 Be6 21.h3 Rad8 22.f4  1/2-1/2

[Event "6th TCh-Euro u18"]
[Site "Balatonlelle HUN"]
[Date "2006.07.16"]
[Round "5"]
[White "Rozum,I"]
[Black "Fodor,T jr"]
[Result "0-1"]
[WhiteElo "2317"]
[BlackElo "2429"]

1.Nf3 d5 2.c4 dxc4 3.Na3 a6 4.Nxc4 b5 5.Ne3 Nf6 6.a4 c6 7.g3 Bb7 8.Bg2 e6
9.O-O Nbd7 10.b3 Be7 11.Bb2 O-O 12.d4 Qb6 13.axb5 cxb5 14.Ba3 Bxa3 15.Rxa3 Qd6
16.Qa1 Ne4 17.Ng5 Ndf6 18.Ng4 Qb6 19.Nxe4 Nxe4 20.Ne5 Rfd8 21.Rd1 f6 22.Nf3 a5
23.Qb2 Bd5 24.Raa1 b4 25.e3 Nc3 26.Re1 a4 27.bxa4 Nxa4 28.Qd2 Nc3 29.Qb2 Na4
30.Qd2 b3 31.e4 Bc4 32.Bf1 Bxf1 33.Kxf1 b2 34.Rab1 Qb3 35.Kg2 Rab8 36.Re2 Qa2
37.Qe1 Rdc8 38.Re3 Nc3 39.Ra1  0-1

[Event "6th TCh-Euro u18 Girls"]
[Site "Balatonlelle HUN"]
[Date "2006.07.17"]
[Round "6"]
[White "Toth,Sar"]
[Black "Machalova,E"]
[Result "0-1"]
[WhiteElo "2105"]
[BlackElo "2064"]

1.Nf3 d5 2.c4 e6 3.g3 Nf6 4.Bg2 c6 5.b3 Be7 6.Bb2 Nbd7 7.O-O O-O 8.d3 Qc7
9.Qc2 Re8 10.cxd5 exd5 11.Nc3 Bd6 12.Rac1 Qd8 13.a3 a5 14.Rfe1 Ne5 15.Nxe5 Bxe5
16.Na4 Bd6 17.Qb1 Bg4 18.e3 Nd7 19.Qa1 f6 20.d4 Be6 21.Nc5 Bxc5 22.dxc5 Qe7
23.Bd4 Qf7 24.Qb2 Nf8 25.b4 axb4 26.axb4 Bd7 27.Qb3 Ne6 28.b5 Ng5 29.bxc6 bxc6
30.h4 Ne6 31.Ra1 Rab8 32.Qc2 Nc7 33.Rab1 Rxb1 34.Rxb1 Nb5 35.Qa2 Be6 36.Qa6 Qc7
37.Bf1 Bf5 38.Ra1 Rb8 39.Bg2 Bd3 40.Qa2 Bc4 41.Qc2 Qc8 42.Kh2 Ra8 43.Rxa8 Qxa8
44.Qf5 Qe8 45.Bh3 Nc7 46.Bg4 Ba6 47.h5 h6 48.Qd7 Qxd7 49.Bxd7 Bb5 50.Kg2 Kf7
51.Bf5 Ne6 52.f4 Be2 53.g4 Ke7 54.Kf2 Ba6 55.Kg3 Kf7 56.Bc2 Bb5 57.Bg6+ Ke7
58.Bf5 Ba6 59.Kh4 Be2 60.Kg3 Bb5 61.Kf2 Ba6 62.Ke1 Bb5 63.Kd2 Nc7 64.Bg6 Na6
65.Bf5 Nc7 66.Bg6 Na6 67.g5 Nc7 68.Kc3 Na6 69.Kd2 Nc7  0-1

[Event "US Junior"]
[Site "Dallas USA"]
[Date "2006.07.17"]
[Round "4"]
[White "Gulamali,K"]
[Black "Coraretti,B"]
[Result "1-0"]
[WhiteElo "2302"]
[BlackElo "1974"]

1.Nf3 d5 2.c4 dxc4 3.Na3 c5 4.Nxc4 Nc6 5.g3 f6 6.Bg2 e5 7.O-O Nge7 8.d3 Be6
9.b3 Qd7 10.Bb2 Nf5 11.Rc1 Be7 12.Nfd2 Nfd4 13.f4 exf4 14.gxf4 Bh3 15.Rf2 O-O-O
16.Ne4 g5 17.fxg5 fxg5 18.e3 Bg4 19.Qd2 Nf5 20.Ne5 Nxe5 21.Bxe5 b6 22.b4 Rhg8
23.bxc5 b5 24.Nd6+  1-0

[Event "6th TCh-Euro u18"]
[Site "Balatonlelle HUN"]
[Date "2006.07.18"]
[Round "7"]
[White "Bogosavljevic,B"]
[Black "McPhillips,K"]
[Result "1-0"]
[WhiteElo "2302"]
[BlackElo "2217"]

1.Nf3 d5 2.c4 d4 3.b4 g6 4.Bb2 Bg7 5.g3 e5 6.d3 Ne7 7.Bg2 O-O 8.O-O a5 9.a3 Nd7
10.Nbd2 f5 11.c5 h6 12.Nc4 axb4 13.axb4 Rxa1 14.Bxa1 b5 15.Na5 c6 16.Nd2 Qc7
17.Qb3+ Kh7 18.Rc1 Nf6 19.Bb2 Nfd5 20.Qa3 Be6 21.Nab3 Qd7 22.Ra1 Nc7 23.Qa7 Ra8
24.Qb7 Rxa1+ 25.Nxa1 e4 26.Nc2 e3 27.Nf3 exf2+ 28.Kxf2 Bd5 29.Kf1 f4 30.Bxd4 fxg3
31.hxg3 Nf5 32.Bxg7 Kxg7 33.Kf2 Bb3 34.Nfe1 Qf7 35.Bf3 g5 36.g4 Nh4 37.Nd4 Bd5
38.e4 Qf4 39.exd5 Qxd4+ 40.Kf1 Qf4 41.d6 Nxf3 42.Qxc7+ Kg6 43.Ng2 Qd4 44.d7 Qg1+
45.Ke2 Nd4+ 46.Kd2 Qxg2+ 47.Kc3 Ne2+ 48.Kb2 Nf4+ 49.Ka3 Qc2 50.Qxc6+ Kg7
51.Qxb5 Nxd3 52.Qb7 Qb2+ 53.Ka4 Nxc5+ 54.bxc5 Qxb7 55.d8=Q Qe4+ 56.Ka5 Qxg4
57.Qe7+ Kg6 58.Qe8+ Kf6 59.Qf8+ Ke5 60.Qd6+ Ke4 61.c6 Qf5+ 62.Kb6 Qf2+ 63.Qc5 Qb2+
64.Qb5 Qf2+ 65.Kb7 g4 66.c7 g3 67.c8=Q g2 68.Qg4+  1-0

[Event "US Junior"]
[Site "Dallas USA"]
[Date "2006.07.18"]
[Round "6"]
[White "Maltese,A"]
[Black "Coraretti,B"]
[Result "0-1"]
[WhiteElo "2216"]
[BlackElo "1974"]

1.Nf3 d5 2.c4 dxc4 3.Na3 c5 4.Nxc4 Nc6 5.g3 f6 6.Bg2 e5 7.d3 Nge7 8.O-O Be6
9.b3 Qd7 10.Be3 Nf5 11.Bd2 Be7 12.Rc1 O-O 13.Ne3 Nfd4 14.Nxd4 cxd4 15.Nc4 Rac8
16.f4 Bd5 17.e4 dxe3 18.Bxe3 Bxg2 19.Kxg2 Qd5+ 20.Qf3 Qxf3+ 21.Rxf3 exf4
22.Bxf4 Nd4 23.Rff1 Rfd8 24.Rfe1 Bb4 25.Re4 b5 26.a3 Bf8 27.Na5 Rxc1 28.Bxc1 Nc2
29.a4 bxa4 30.bxa4 Rxd3 31.Nc6 Bc5 32.Rc4 Ne3+ 33.Bxe3 Bxe3 34.Ne7+ Kf7 35.Rc7 Bb6
36.Rb7 Ke6 37.Nc8 Rd7 38.Rb8 Rd8 39.a5 Bxa5 40.Rb7 Rxc8 41.Rxa7 Rc2+ 42.Kh3 Bc7
43.Ra6+ Kf5 44.Ra1 g5 45.g4+ Kg6 46.Rh1 Rxh2+  0-1

[Event "US Junior"]
[Site "Dallas USA"]
[Date "2006.07.20"]
[Round "8"]
[White "Maltese,A"]
[Black "Ludwig,D"]
[Result "0-1"]
[WhiteElo "2216"]
[BlackElo "2391"]

1.Nf3 d5 2.c4 e6 3.g3 Nf6 4.Bg2 dxc4 5.O-O Nbd7 6.Qa4 a6 7.Qxc4 b5 8.Qc2 Bb7
9.d4 c5 10.dxc5 Bxc5 11.Nc3 O-O 12.Rd1 Qb6 13.e3 Rac8 14.a3 Rfd8 15.Qe2 Be7
16.e4 Qa7 17.Be3 Qa8 18.Nd2 b4 19.axb4 Bxb4 20.f3 Ne5 21.Nb3 Rxd1+ 22.Rxd1 Nc4
23.Rd4 Bxc3 24.bxc3 Na3 25.Qd3 Nb5 26.Rc4 Rd8 27.Qf1 Nd7 28.Na5 Ne5 29.Rb4 Nxc3
30.Rxb7 Rd1 31.Ba7 Rxf1+ 32.Bxf1 Nc6 33.Rc7 Nxa7 34.Rxc3 Nb5 35.Rc5 Qa7 36.Nb3 g6
37.Kg2 Qb6 38.h4 Kg7  0-1

[Event "Canadian Open"]
[Site "Kitchener CAN"]
[Date "2006.07.20"]
[Round "6"]
[White "Kraai,J"]
[Black "Wang,Da"]
[Result "1-0"]
[WhiteElo "2473"]
[BlackElo "2206"]

1.Nf3 d5 2.c4 d4 3.g3 Nf6 4.Bg2 Nc6 5.O-O e5 6.d3 Bd6 7.e3 O-O 8.exd4 exd4
9.Na3 a6 10.Nc2 Re8 11.a3 a5 12.b3 Bg4 13.h3 Bh5 14.Bb2 Bc5 15.Qd2 Qd6 16.Rfe1 Nd7
17.Rxe8+ Rxe8 18.Re1 Rxe1+ 19.Nfxe1 Bb6 20.b4 axb4 21.axb4 Ba7 22.c5 Qf6
23.f4 Bg6 24.g4 h6 25.Kh1 Bh7 26.Nf3 Qe7 27.Ng1 Qe6 28.f5 Qf6 29.Ne2 h5 30.Ncxd4 Nxd4
31.Nxd4 Qe7 32.g5 c6 33.Be4 Kf8 34.Nf3 Bg8 35.f6 Qe6 36.fxg7+ Ke8 37.Kg2 Bb8
38.Qc3 Qa2 39.Bf5 Qb1 40.Qe1+ Qxe1 41.Nxe1 Ne5 42.Nf3 Ng6 43.Kf2 Ne7 44.Be4 Bf4
45.b5 Kd7 46.bxc6+ Nxc6 47.d4 Bb8 48.Bc3 Ba7 49.Ke2 Nd8 50.Ne5+ Kc7 51.Ba5+ b6
52.cxb6+ Bxb6 53.Bxb6+ Kxb6 54.Bd5  1-0

[Event "10th Battle of Senta 1697 Open"]
[Site "Senta SCG"]
[Date "2006.07.21"]
[Round "1"]
[White "Arsovic,Z"]
[Black "Kanjuh,V"]
[Result "1-0"]
[WhiteElo "2441"]
[BlackElo "2089"]

1.Nf3 d5 2.c4 c6 3.g3 Nf6 4.Bg2 g6 5.Qa4 dxc4 6.Qxc4 Be6 7.Qc2 Nbd7 8.Nd4 Bg4
9.h3 Ne5 10.Nxc6 Rc8 11.Nxd8 Rxc2 12.Na3 Rc8 13.d4 Nc4 14.Nxc4 Rxc4 15.Nxb7 Bc8
16.O-O Rxd4 17.a3 Bg7 18.Be3 Rd7 19.Nc5 Rc7 20.Rac1 O-O 21.Bf4 e5 22.Bxe5 Rxc5
23.Rxc5 Nd7 24.Bxg7  1-0

[Event "Czech Open A"]
[Site "Pardubice CZE"]
[Date "2006.07.23"]
[Round "3"]
[White "Cvek,R"]
[Black "Lintchevski,D"]
[Result "1-0"]
[WhiteElo "2509"]
[BlackElo "2429"]

1.Nf3 d5 2.c4 d4 3.b4 g6 4.Bb2 Bg7 5.g3 e5 6.d3 Ne7 7.Bg2 O-O 8.O-O a5 9.b5 c5
10.bxc6 Nbxc6 11.Na3 h6 12.Nb5 Be6 13.Nd2 Qd7 14.Re1 f5 15.Ba3 Nb4 16.Nb3 Rfe8
17.Nxa5 Nxd3 18.exd3 Rxa5 19.Qd2 Ra6 20.Bxe7 Qxe7 21.Rab1 Rea8 22.a3 Qd7
23.c5 Rc8 24.Rec1 Bf8 25.Nd6 Rc7 26.Nxb7 Bd5 27.Nd6 Bxg2 28.Kxg2 Kg7 29.Qb4 Bxd6
30.cxd6 Rxd6 31.Qa5 Rxc1 32.Qxe5+ Kf7 33.Rxc1 Rc6 34.Re1 Rc8 35.a4 Ra8 36.a5 g5
37.Kg1 Kg6 38.Qc5 g4 39.Re7 Qa4 40.Re6+  1-0

[Event "Czech Open A"]
[Site "Pardubice CZE"]
[Date "2006.07.23"]
[Round "3"]
[White "Vokoun,J"]
[Black "Matsenko,S"]
[Result "1/2-1/2"]
[WhiteElo "2217"]
[BlackElo "2367"]

1.Nf3 d5 2.c4 c6 3.b3 Nf6 4.Bb2 Bf5 5.g3 e6 6.Bg2 h6 7.O-O Be7 8.d3 O-O 9.Nbd2 a5
10.a3 Nbd7 11.Bc3 Qc7 12.Qc1 Bd6 13.Re1 e5 14.Nh4 Bh7 15.Bh3 Rfe8 16.Nf5 Bf8
17.d4 c5 18.dxe5 Nxe5 19.cxd5 Nxd5 20.Bxe5 Rxe5 21.e4 Nb6 22.a4 Ree8 23.f3 Bxf5
24.Bxf5 g6 25.Bh3 Rad8 26.Bf1 Rd4 27.Nc4 Bg7 28.Ra2 Nxc4 29.Bxc4 Red8 30.Rae2 Kh7
31.Kg2 Qd7 32.f4 Rd2 33.Rxd2 Qxd2+ 34.Qxd2 Rxd2+ 35.Re2 Rxe2+ 36.Bxe2 Bd4
37.e5 Kg7 38.Kf3 Kf8 39.Ke4 Ke7 40.Bc4 h5 41.f5 gxf5+ 42.Kxf5 Be3 43.Be2 h4
44.gxh4 b6 45.h5 Bh6 46.Bc4 Bg7 47.h3 Kf8 48.e6 fxe6+ 49.Bxe6 Bc3 50.Kg6 Bh8
51.Bc4 Bc3 52.h6 Bb2 53.h4 Bc3 54.h5 Bb2 55.h7 Bc3 56.h6 Bb2 57.Kf5 Ke7 58.Ke4 Kd6
59.Be2 Bh8 60.Bg4 Bb2  1/2-1/2

[Event "Czech Open A"]
[Site "Pardubice CZE"]
[Date "2006.07.24"]
[Round "4"]
[White "Freisler,P"]
[Black "Saric,A"]
[Result "0-1"]
[WhiteElo "2306"]
[BlackElo "2475"]

1.Nf3 d5 2.c4 d4 3.e3 c5 4.exd4 cxd4 5.g3 Nc6 6.Bg2 e5 7.O-O Nf6 8.Re1 Nd7
9.Nxe5 Ncxe5 10.f4 Bd6 11.fxe5 Nxe5 12.c5 Bc7 13.Qa4+ Bd7 14.Qxd4 O-O 15.Nc3 Bc6
16.Qxd8 Raxd8 17.d4 Rxd4 18.Bf4 f6 19.Rad1 Rfd8 20.h4 Kf7 21.Rxd4 Rxd4 22.a3 Bxg2
23.Kxg2 Nd3 24.Rb1 Bxf4 25.Nb5 Rd5 26.gxf4 Rxc5 27.Nxa7 Nxf4+ 28.Kf3 Ng6
29.b4 Rc3+ 30.Ke4 Rxa3 31.Nb5 Ra6 32.h5 Re6+ 33.Kd4 Ne7 34.Ra1 Nc6+ 35.Kc5 Re5+
36.Kc4 Rxh5 37.Nd6+ Ke7 38.Nxb7 Rh4+ 39.Kb5 Nxb4 40.Ra4 g5 41.Rxb4 Rxb4+
42.Kxb4 g4 43.Na5 g3 44.Nc6+ Kd6 45.Nd4 Ke5 46.Ne2 g2 47.Kc3 Ke4 48.Kd2 Kf3
49.Ke1 Ke3  0-1

[Event "10th Battle of Senta 1697 Open"]
[Site "Senta SCG"]
[Date "2006.07.24"]
[Round "5"]
[White "Katanic Vujic,P"]
[Black "Kostic,Vl"]
[Result "1/2-1/2"]
[WhiteElo "2293"]
[BlackElo "2433"]

1.Nf3 d5 2.c4 c6 3.d4 Nf6 4.Qc2 g6 5.Bf4 Bg7 6.e3 O-O 7.Nc3 a6 8.h3 b5 9.cxd5 cxd5
10.Ne5 Bb7 11.Qb3 Ne4 12.Bd3 e6 13.a4 Nc6 14.Nxc6 Bxc6 15.Bxe4 bxa4 16.Nxa4 Qa5+
17.Qc3 Qxc3+ 18.bxc3 dxe4 19.c4 e5 20.Bxe5 Bxe5 21.dxe5 Rfb8 22.Nc3 Rb4 23.Nd5 Bxd5
24.cxd5 Rb5 25.e6 Rxd5 26.exf7+ Kxf7 27.Ra4 Re5 28.O-O a5 29.Rc1 Ra7 30.Rcc4 Ke6
31.g4 Kf6 32.Kg2 g5 33.Kg3 Ra6 34.h4 h6 35.hxg5+ hxg5 36.Rd4 Kf7 37.Rdc4 Kf6
38.Rd4 Kf7  1/2-1/2

[Event "Open"]
[Site "Kiel GER"]
[Date "2006.07.26"]
[Round "7"]
[White "Scepanik,H"]
[Black "Marxen,T"]
[Result "0-1"]
[WhiteElo "1867"]
[BlackElo "2083"]

1.Nf3 d5 2.c4 e6 3.e3 Nf6 4.b3 Be7 5.Bb2 O-O 6.d3 dxc4 7.bxc4 c5 8.g3 b6
9.Bg2 Bb7 10.O-O Nc6 11.Qe2 Nd7 12.Ne1 Bf6 13.Nc3 Qe7 14.f4 Rfd8 15.g4 h6
16.Nf3 Nf8 17.Rad1 Rd7 18.h4 Bxh4 19.Ne4 f5 20.gxf5 exf5 21.Nxh4 Qxh4 22.Nc3 Re8
23.Nd5 Ne7 24.Nxe7+ Rdxe7 25.Bxb7 Rxb7 26.Rf3 Rbe7 27.Rdf1 Re6 28.R1f2 Qe7
29.Rg2 g6 30.Kf2 Qh4+ 31.Kf1 Qh1+ 32.Rg1 Qh4 33.Ba1 Rxe3 34.Qxe3 Rxe3 35.Rxe3 Qxf4+
36.Ke2 Qh2+ 37.Kf1 Qxa2 38.Be5 Kf7 39.Rg2 Qb1+ 40.Kf2 Ne6 41.Bd6 f4 42.Rh3 h5  0-1

[Event "32nd Open"]
[Site "Sitges ESP"]
[Date "2006.07.26"]
[Round "6"]
[White "Beltran Rueda,S"]
[Black "Moskalenko,V"]
[Result "1/2-1/2"]
[WhiteElo "2371"]
[BlackElo "2543"]

1.Nf3 d5 2.c4 e6 3.d4 c6 4.e3 Bd6 5.Be2 Nd7 6.O-O Ngf6 7.Nbd2 Ne4 8.Nxe4 dxe4
9.Nd2 f5 10.f4 exf3 11.Nxf3 O-O 12.c5 Bc7 13.Bc4 Nf6 14.Bd2 Qe7 15.Be1 Kh8
16.b4 Bd7 17.Bh4 h6 18.Qe1 Be8 19.Bg3 Bf7 20.Bxc7 Qxc7 21.Ne5 Qe7 22.a4 Nd7
23.Qg3 Nxe5 24.Qxe5 Qf6 25.Qc7 Rab8 26.b5 Rfc8 27.Qf4 g5 28.Qf2 b6 29.e4 f4
30.e5 Qe7 31.cxb6 axb6 32.Bd3 cxb5 33.axb5 Bg8 34.Rfc1 Rxc1+ 35.Rxc1 Qa3
36.Rd1 Rd8 37.h4 Qc3  1/2-1/2

[Event "XLVIII TCh-POR"]
[Site "Evora POR"]
[Date "2006.07.27"]
[Round "6"]
[White "Postny,E"]
[Black "Velicka,P"]
[Result "1-0"]
[WhiteElo "2591"]
[BlackElo "2475"]

1.Nf3 d5 2.c4 c6 3.d4 Nf6 4.Nc3 a6 5.c5 Nbd7 6.Bf4 Nh5 7.Bd2 Qc7 8.e4 dxe4
9.Ng5 Nhf6 10.Bc4 e6 11.Ngxe4 Be7 12.Qf3 e5 13.Nxf6+ Nxf6 14.Qg3 Nh5 15.Qxe5 Qxe5+
16.dxe5 Bxc5 17.Ne4 Be7 18.Be2 g6 19.Bh6 Rg8 20.O-O-O Ng7 21.Nf6+ Bxf6 22.exf6 Ne6
23.Be3 Nc7 24.Bc4 Be6 25.Bxe6 Nxe6 26.Bb6 g5 27.h4 g4 28.h5 Rg5 29.Rh4 c5
30.Ba5 Rc8 31.Bd2 Rg8 32.Bh6 Rd8 33.Rxd8+ Nxd8 34.Bg7 Kd7 35.Rxg4 Re8 36.Bh6 Re5
37.Rh4 Rf5 38.Be3 Rxf6 39.Rg4 Ne6 40.Rg8 Nf4 41.g4 Nd5 42.Kd2 Nxe3 43.Kxe3 h6
44.f4 Re6+ 45.Kf3 c4 46.g5 hxg5 47.fxg5 Re1 48.h6 Rh1 49.Rb8 Ke6 50.Rxb7 Kf5
51.Rxf7+ Kxg5 52.h7 Kg6 53.Ra7 Kf5 54.a4 Rh3+ 55.Ke2 Ke4 56.Re7+ Kd4 57.Kf2 Kc5
58.Kg2 Rh6 59.Kg3 Kb4 60.Rb7+ Kxa4 61.Kg4 Rh1 62.Kf5 Rh2 63.Kg6 Rg2+ 64.Kf7 Rh2
65.Kg8 Rg2+ 66.Kf8 Rh2 67.Kg7 Rg2+ 68.Kf6 Rh2 69.Ke5 Rh5+ 70.Kd4 Rh4+ 71.Kc5 Ka5
72.Kd5 Ka4 73.Ke5 Rh1 74.Kd4 Rh4+ 75.Kc5 Ka5 76.Kd6 Ka4 77.Ke6 Rh5 78.Kf6 Rh2
79.Kg7 Rg2+ 80.Kf7 Rh2 81.Kf8 Rf2+ 82.Ke8 Rh2 83.Kd8 Ka5 84.Kc8 Rh1 85.Kb8 Rh2
86.Ka7 Rh6 87.Ka8 Rh2 88.Kb8 Rh1 89.Kc8 Rh2 90.Kd8 Rh1 91.Ke8 Rh2 92.Kf8 Rf2+
93.Ke7 Rh2 94.Kf6 Ka4 95.Kg6 Rg2+ 96.Kf5 Rh2 97.Ke4 Rh5 98.Kd4 Rh4+ 99.Kc3 Ka5
100.Kd2 Rh3 101.Ke2 Ka4 102.Kf2 Ka5 103.Kg2 Rh6 104.Kg3 Rh1 105.Kf4 Ka4 106.Ke5 Rh5+
107.Kd4 Rh4+ 108.Kc5 Ka5 109.Ra7 Ka4 110.Rxa6+ Kb3 111.Rb6+ Kc2 112.Rb7 Kd3
113.Kd5 Rh5+ 114.Ke6 Rh2 115.Kf6 Rf2+ 116.Kg7 Rg2+ 117.Kf8 Rf2+ 118.Rf7 Rxb2
119.Rd7+ Kc2 120.Rd8  1-0

[Event "Summer Cup"]
[Site "Litohoro GRE"]
[Date "2006.07.27"]
[Round "6"]
[White "Pantovic,D"]
[Black "Tzermiadianos,And"]
[Result "0-1"]
[WhiteElo "2192"]
[BlackElo "2462"]

1.Nf3 d5 2.c4 e6 3.g3 dxc4 4.Bg2 Nd7 5.Qc2 Nb6 6.a4 a5 7.Na3 Bxa3 8.Rxa3 Nf6
9.Ne5 Qd4 10.f4 Nfd5 11.e3 Nb4 12.Qd1 Qc5 13.O-O O-O 14.d4 cxd3 15.Nxd3 Qe7
16.Nxb4 axb4 17.Ra2 c5 18.b3 Nd5 19.Bd2 b5 20.e4 Nc3 21.Bxc3 bxc3 22.e5 Ra7
23.Qe2 b4 24.Rd1 Ba6 25.Qc2 c4 26.Rd6 Rd8 27.Rxd8+ Qxd8 28.Ra1 Rd7  0-1

[Event "Czech Open A"]
[Site "Pardubice CZE"]
[Date "2006.07.27"]
[Round "7"]
[White "Kovacevic,B"]
[Black "Lintchevski,D"]
[Result "1/2-1/2"]
[WhiteElo "2490"]
[BlackElo "2429"]

1.Nf3 d5 2.c4 d4 3.g3 c5 4.Bg2 Nc6 5.d3 e5 6.O-O Nf6 7.e3 Be7 8.exd4 exd4
9.Na3 O-O 10.Nc2 h6 11.Re1 Bf5 12.Ne5 Nxe5 13.Rxe5 Bg4 14.Qf1 Bd6 15.Re1 Qd7
16.Bd2 Rae8 17.h3 Rxe1 18.Nxe1 Be6 19.f4 h5 20.Nf3 Re8 21.b3 b6 22.Nh4 Qc8
23.Kh2 Bd7 24.Qf3 Bc6 25.Qf1 Bd7 26.Re1 Rxe1 27.Qxe1 Qe8 28.Qf2 Qc8 29.Qe2 g6
30.Qf3  1/2-1/2

[Event "10th Battle of Senta 1697 Open"]
[Site "Senta SCG"]
[Date "2006.07.27"]
[Round "8"]
[White "Katanic Vujic,P"]
[Black "Miljkovic,Mir1"]
[Result "1/2-1/2"]
[WhiteElo "2293"]
[BlackElo "2399"]

1.Nf3 d5 2.c4 dxc4 3.e3 Nf6 4.Bxc4 e6 5.d4 a6 6.O-O Nbd7 7.a4 c5 8.Nc3 cxd4
9.exd4 Nb6 10.Bb3 Be7 11.Qe2 O-O 12.Rd1 Nbd5 13.Bg5  1/2-1/2

[Event "Open"]
[Site "Kiel GER"]
[Date "2006.07.28"]
[Round "9"]
[White "Zimmermann,Man"]
[Black "Oltzen,S"]
[Result "1-0"]
[WhiteElo "1937"]
[BlackElo "1834"]

1.Nf3 d5 2.c4 Nf6 3.b3 e6 4.g3 c5 5.d3 b6 6.Bg2 Bb7 7.O-O Nc6 8.e3 Be7 9.Qe2 O-O
10.a3 Qc7 11.Ne1 Rad8 12.f4 e5 13.f5 dxc4 14.bxc4 Na5 15.Nd2 Bxg2 16.Qxg2 a6
17.g4 Kh8 18.Rf3 e4 19.Rh3 exd3 20.g5 Ng8 21.Bb2 f6 22.Qg4 fxg5 23.Qh5 h6
24.Nef3 Bf6 25.Nxg5 Bxb2 26.Qg6 Nf6 27.Nde4 d2 28.Rd1 Kg8 29.Rxh6 Rf7 30.Nxf6+ Rxf6
31.Rh8+ Kxh8 32.Qh7+  1-0

[Event "Summer Cup"]
[Site "Litohoro GRE"]
[Date "2006.07.30"]
[Round "9"]
[White "Pantovic,D"]
[Black "Makropoulou,M"]
[Result "0-1"]
[WhiteElo "2192"]
[BlackElo "2297"]

1.Nf3 d5 2.c4 d4 3.g3 Nc6 4.Bg2 e5 5.d3 a5 6.O-O Be7 7.Na3 Be6 8.e3 dxe3
9.fxe3 Nf6 10.Qb3 Rb8 11.Nb5 O-O 12.d4 a4 13.Qxa4 Ra8 14.Qc2 Nb4 15.Qb3 c6
16.Na3 exd4 17.Nxd4 Bg4 18.Nac2 Nxc2 19.Qxc2 Re8 20.Nf3 Bc5 21.Qb3 Qc7 22.Re1 Rad8
23.a3 h5 24.Qc3 Ne4 25.Qc2 Nxg3 26.hxg3 Bxf3 27.Bxf3 Qxg3+ 28.Kf1 Qxf3+ 29.Qf2 Qe4
30.b4 Qxc4+ 31.Qe2 Qxe2+ 32.Kxe2 Bd4 33.Ra2 Bf6 34.Rd2 Rxd2+ 35.Bxd2 g5 36.Kf3 Kg7
37.Rh1 Kg6 38.a4 Rd8 39.Ke2 g4 40.b5 cxb5 41.axb5 Rd5 42.Rb1 h4 43.e4  0-1

[Event "MTO Open"]
[Site "Biel SUI"]
[Date "2006.07.31"]
[Round "7"]
[White "Gerber,R"]
[Black "Gaponenko,I"]
[Result "0-1"]
[WhiteElo "2363"]
[BlackElo "2458"]

1.Nf3 d5 2.c4 d4 3.g3 c5 4.Bg2 Nc6 5.d3 g6 6.e4 dxe3 7.Bxe3 Bf5 8.d4 Bg7
9.d5 Nb4 10.O-O Nc2 11.Bxc5 Nxa1 12.Bd4 Nf6 13.Na3 a6 14.Qxa1 O-O 15.Nh4 Bg4
16.Nc2 Be2 17.Ne3 Bxf1 18.Bxf1 Nd7 19.Bxg7 Kxg7 20.Nf3 Qb6 21.c5 Qf6 22.Bg2 Ne5
23.Nxe5 Qxe5 24.Qc1 Rac8 25.h4 Qd4 26.c6 bxc6 27.dxc6 Rfd8 28.h5 Rc7 29.Qc2 Rd6
30.Bf3 f5 31.Kg2 f4 32.gxf4 Qxf4  0-1

[Event "Dutch Open"]
[Site "Dieren NED"]
[Date "2006.07.31"]
[Round "6"]
[White "Roktim,B"]
[Black "Senff,M"]
[Result "1/2-1/2"]
[WhiteElo "2365"]
[BlackElo "2464"]

1.Nf3 d5 2.c4 e6 3.g3 Nf6 4.Bg2 Be7 5.O-O O-O 6.b3 c5 7.Bb2 Nc6 8.cxd5 Nxd5
9.Nc3 Bf6 10.Qc1 b6 11.Nxd5 exd5 12.d4 Nxd4 13.Nxd4 cxd4 14.Qf4 Ba6 15.Rfe1 Re8
16.Bxd4  1/2-1/2

[Event "Adolfo Pedrido Mem"]
[Site "Vilagarcia de Arousa ESP"]
[Date "2006.08.01"]
[Round "8"]
[White "Milchev,N"]
[Black "Sanchez Juncal,B"]
[Result "1-0"]
[WhiteElo "2213"]
[BlackElo "2202"]

1.Nf3 d5 2.c4 e6 3.g3 Nf6 4.Bg2 Be7 5.O-O O-O 6.d4 dxc4 7.Qc2 c5 8.dxc5 Qa5
9.Na3 Qxc5 10.Be3 Qh5 11.Nxc4 Nc6 12.Bf4 Nb4 13.Qb3 Nbd5 14.Bd6 Re8 15.Bxe7 Rxe7
16.Nd6 Ne8 17.Nxc8 Rxc8 18.Qa3 Rec7 19.Qxa7 Nd6 20.Qa3 Rc5 21.Qd3 Qg6 22.Ne5 Qxd3
23.Nxd3 Rc2 24.e4 Nb6 25.e5 Ndc4 26.b3 Nd2 27.Rfc1 Nd5 28.Rxc2 Rxc2 29.Rc1 Rxc1+
30.Nxc1 Kf8 31.f4 Ke7 32.Kf2 Kd7 33.Ke2 Nb1 34.Kd3 Nbc3 35.a3 Kc6 36.Ne2 Nd1
37.Nd4+  1-0